书目信息 |
| 题名: |
红旗Linux桌面应用教程
|
|
| 作者: | ;中科红旗软件技术有限公司 编著 | |
| 分册: | ||
| 出版信息: | 北京 电子工业出版社 2001.05 |
|
| 页数: | 339页 | |
| 开本: | 24cm | |
| 丛书名: | ||
| 单 册: | ||
| 中图分类: | TP316.81-43 | |
| 科图分类: | ||
| 主题词: | UNIX操作系统--教材 | |
| 电子资源: | ||
| ISBN: | 7-5053-6623-8 | |
| 000 | 01051nam0 2200265 450 | |
| 001 | 0104000022 | |
| 005 | 20050927111123.1 | |
| 010 | @a7-5053-6623-8@dCNY30.00 | |
| 100 | @a20081126d2001 ekmy0chiy0120 ea | |
| 101 | 0 | @achi |
| 102 | @aCN@b110000 | |
| 105 | @ay z 000yy | |
| 106 | @ar | |
| 200 | 1 | @a红旗Linux桌面应用教程@AHong Qi Linux Zhuo Mian Ying Yong Jiao Cheng@f中科红旗软件技术有限公司编著@FZhong Ke Hong Qi Ruan Jian Ji Shu You Xian Gong Si Bian Zhu |
| 210 | @a北京@c电子工业出版社@d2001.05 | |
| 215 | @a339页@d24cm | |
| 300 | @a红旗Linux授权培训中心指定用书 红旗Linux指定培训教材 | |
| 330 | @a本书通过大量的实例,对红旗Linux桌面版进行了详细的讲解,内容包括:KDE的安装、桌面环境与外观配置、中文环境、在终端中工作、图像与多媒体、用户管理以及网上冲浪等。 | |
| 606 | 0 | @aUNIX操作系统@j教材 |
| 610 | 0 | @aLinux |
| 690 | @aTP316.81-43@v4 | |
| 711 | 02 | @a中科红旗软件技术有限公司@AZhong Ke Hong Qi Ruan Jian Ji Shu You Xian Gong Si@4编著 |
| 801 | 0 | @aCN@bHTDF@c20081126 |
| 905 | @aBZT@dTP316.81-43@e1@f10 | |
| 906 | @dCNY30.00@n0@r1 | |
| 红旗Linux桌面应用教程/中科红旗软件技术有限公司编著.-北京:电子工业出版社,2001.05 |
| 339页;24cm |
| 红旗Linux授权培训中心指定用书 红旗Linux指定培训教材 |
| ISBN 7-5053-6623-8:CNY30.00 |
| 本书通过大量的实例,对红旗Linux桌面版进行了详细的讲解,内容包括:KDE的安装、桌面环境与外观配置、中文环境、在终端中工作、图像与多媒体、用户管理以及网上冲浪等。 |
| ● |
| 相关链接 |
|
|
|
正题名:红旗Linux桌面应用教程
索取号:TP316.81-43/1
 
预约/预借
| 序号 | 登录号 | 条形码 | 馆藏地/架位号 | 状态 | 备注 |
| 1 | 718342 | 2000718342 | 中心书库中库/ 中库027架A面1列4层9/ [索取号:TP316.81-43/1] | 在馆 | |
| 2 | 718343 | 2000718343 | 中心书库中库/ 中库027架A面1列4层6/ [索取号:TP316.81-43/1] | 在馆 | |
| 3 | 718344 | 2000718344 | 中心书库中库/ 中库027架A面1列4层4/ [索取号:TP316.81-43/1] | 在馆 | |
| 4 | 718345 | 2000718345 | 中心书库中库/ 中库027架A面1列4层1/ [索取号:TP316.81-43/1] | 在馆 | |
| 5 | 718346 | 2000718346 | 中心书库中库/ 中库027架A面1列4层3/ [索取号:TP316.81-43/1] | 在馆 | |
| 6 | 718347 | 2000718347 | 中心书库中库/ 中库027架A面1列4层10/ [索取号:TP316.81-43/1] | 在馆 | |
| 7 | 718348 | 2000718348 | 中心书库中库/ 中库027架A面1列4层5/ [索取号:TP316.81-43/1] | 在馆 | |
| 8 | 718349 | 2000718349 | 中心书库中库/ 中库027架A面1列4层7/ [索取号:TP316.81-43/1] | 在馆 | |
| 9 | 718350 | 2000718350 | 中心书库中库/ 中库027架A面2列3层25/ [索取号:TP316.81-43/1] | 在馆 | |
| 10 | 718351 | 2000718351 | 中心书库中库/ 中库027架A面1列4层2/ [索取号:TP316.81-43/1] | 在馆 |